000 00730nam a22002177a 4500
003 OSt
005 20260216100815.0
008 160222b xxu||||| |||| 00| 0 eng d
020 _a05-723-2005-1
024 _205-723-2005-1
040 _cLahore University of Management Sciences
082 _a174.4 LUM 2005
100 _aNaila Hussain
_9133199
245 _aDASTKAARI AT KASHF FOUNDATION (B)
_cNaila Hussain
260 _aLahore
_bLahore University of Management Sciences
_c2005
300 _a6 p.
_bPapers
440 _aDASTKAARI AT KASHF FOUNDATION (B)
_9133201
590 _6http://10.250.8.41:8080/xmlui/handle/123456789/56762
856 _uhttp://10.250.8.41:8080/xmlui/handle/123456789/56762
942 _2ddc
_cCS
999 _c351181
_d351181